Representaciones del cuidado infantil como problema de políticas públicas en el Estado ecuatoriano: ambivalencias y cambios potenciales /
সংরক্ষণ করুন:
| প্রধান লেখক: | |
|---|---|
| বিন্যাস: | পাঠ্য |
| ট্যাগগুলো: |
ট্যাগ যুক্ত করুন
কোনো ট্যাগ নেই, প্রথমজন হিসাবে ট্যাগ করুন!
|
MARC
| LEADER | 00000 a a2200000 04500 | ||
|---|---|---|---|
| 001 | 47688 | ||
| 003 | |||
| 040 | |||
| 100 | |a Villamediana, Virginia | ||
| 245 | |a Representaciones del cuidado infantil como problema de políticas públicas en el Estado ecuatoriano: |b ambivalencias y cambios potenciales / |c Virginia Villamediana | ||
| 773 | |g volumen19, número50, (2014), páginas 97-110 | ||
| 999 | |c 37725 |d 37725 | ||
